| 000 | 00000nam 2200000zi 4500 |
| 001 | 9.947167 |
| 003 | CaOODSP |
| 005 | 20250121135220 |
| 006 | m o d f |
| 007 | cr |n||||||||| |
| 008 | 250120e20241008oncd ob f000 0 eng d |
| 040 | |aCaOODSP|beng|erda|cCaOODSP |
| 043 | |an-cn--- |
| 086 | 1 |aYN5-295/2024E-PDF |
| 100 | 1 |aCléophat, Régine, |eauthor. |
| 245 | 12|aA distributional analysis of the purchasing power of Canadian households since 2019 / |cRégine Cléophat, Analyst, Caroline Nicol, Advisor–Analyst. |
| 264 | 1|aOttawa, Canada : |bOffice of the Parliamentary Budget Officer = Bureau du directeur parlementaire du budget, |cOctober 8, 2024 |
| 264 | 4|c©2024 |
| 300 | |a1 online resource (25 pages) : |bcharts |
| 336 | |atext|btxt|2rdacontent |
| 337 | |acomputer|bc|2rdamedia |
| 338 | |aonline resource|bcr|2rdacarrier |
| 500 | |aIssued also in French under title: Analyse distributive du pouvoir d’achat des ménages canadiens depuis 2019. |
| 500 | |a"RP-2425-016-S_e." |
| 504 | |aIncludes bibliographical references (pages 24-25). |
| 520 | |a"To study the discrepancies in how the purchasing power of Canadian households has changed, this report provides a distributional analysis of inflation and Canadian household incomes since the start of the COVID-19 pandemic. Our analysis also includes a snapshot of purchasing power at the provincial and territorial level"--Summary, page 2. |
| 650 | 0|aPurchasing power|zCanada. |
| 650 | 0|aCost and standard of living|zCanada. |
| 710 | 1 |aCanada. |bOffice of the Parliamentary Budget Officer, |eissuing body. |
| 775 | 08|tAnalyse distributive du pouvoir d’achat des ménages canadiens depuis 2019 / |w(CaOODSP)9.947210 |
| 856 | 40|qPDF|s2.93 MB|uhttps://publications.gc.ca/collections/collection_2025/dpb-pbo/YN5-295-2024-eng.pdf |